Anticytokínová terapia reumatoidnej artritídy

Bibliographic Details
Main Authors: Rovenský, Jozef, 1943-2024 (Author), Vencovský, Jiří, 1953- (Author)
Format: Article
Language:Slovak
ISSN:1335-0013
Subjects:

MARC

LEADER 00000nab a2200000 a 4500
001 vtls000872549
003 SK-MaSNL
005 20260305000019.0
008 250429c2003 xo 0 slo
015 |a SNBRB2004/05-15156 
035 |a CLN000224101 
035 |a urn:nbn:sk:snk-ab71rr 
035 |a (uuid)c882a7f4-1e88-44eb-bb86-78bbd91d8ac8 
035 |a (urnnbn)urn:nbn:sk:snk:ar-a06mi5 
035 |a (sysno)vtls000872549 
040 |a SNKBUCL  |b slo  |c SNKBUCL  |e AACR2 
041 0 |a slo 
044 |a xo  |c SK 
080 |a 616.72-002.77-085:061.3  |2 1997 
100 1 |a Rovenský, Jozef,  |d 1943-2024  |4 aut  |9 189097 
245 1 0 |a Anticytokínová terapia reumatoidnej artritídy  |c J. Rovenský, J. Vencovský 
504 |a Bibliogr. odkazy 
650 0 7 |a cytokíny  |2 MESH  |9 14935 
650 0 7 |a antireumatiká  |2 MESH  |9 15368 
650 0 7 |a reumatoidná artritída  |2 MESH  |9 28588 
650 0 7 |a faktor nekrotizujúci nádory  |2 MESH  |9 851338 
650 0 7 |a interleukín 1  |2 MESH  |9 20994 
650 0 7 |a monoklonálne protilátky  |2 MESH  |9 100930 
655 7 |a články z novín a časopisov  |2 snkbucl  |9 267496 
700 1 |a Vencovský, Jiří,  |d 1953-  |4 aut  |9 262908 
773 0 |t Klinická imunológia a alergológia  |g Roč. 13, č. 3 (2003), s. 42-43  |x 1335-0013 
850 |a Slovenská národná knižnica 
852 |a Slovenská národná knižnica 
954 |a odborná, vedecká literatúra pôvodná (slovenská)  |2 lita 
958 |a article2022 
958 |a MI 
958 |a NB 
958 |a OND 
958 |a EUIPO 
999 |c 3211749  |d 3213679